THE NIV BIBLE STUDY (Record no. 39)

MARC details
000 -LEADER
fixed length control field 00455nam a2200193Ia 4500
003 - CONTROL NUMBER IDENTIFIER
control field OSt
005 - DATE AND TIME OF LATEST TRANSACTION
control field 20241126110328.0
008 - FIXED-LENGTH DATA ELEMENTS--GENERAL INFORMATION
fixed length control field 160516b xxu||||| |||| 00| 0 eng d
020 ## - INTERNATIONAL STANDARD BOOK NUMBER
International Standard Book Number 0310925681
040 ## - CATALOGING SOURCE
Transcribing agency GBC
082 ## - DEWEY DECIMAL CLASSIFICATION NUMBER
Classification number 220.520814 NIV
100 ## - MAIN ENTRY--PERSONAL NAME
Relationship Baeker, kenneth (ed.)
245 ## - TITLE STATEMENT
Title THE NIV BIBLE STUDY
260 ## - PUBLICATION, DISTRIBUTION, ETC.
Name of publisher, distributor, etc. ZONDERVAN PUBLISHING HOUSE,
Place of publication, distribution, etc. Grand Rapids:
260 ## - PUBLICATION, DISTRIBUTION, ETC.
Date of publication, distribution, etc. c1995
300 ## - PHYSICAL DESCRIPTION
Extent 2172p.
653 ## - INDEX TERM--UNCONTROLLED
Uncontrolled term Bible--NIV
942 ## - ADDED ENTRY ELEMENTS (KOHA)
Source of classification or shelving scheme Dewey Decimal Classification
Koha item type Books
Holdings
Withdrawn status Lost status Source of classification or shelving scheme Damaged status Not for loan Home library Current Library Shelving location Date acquired Cost, normal purchase price Total checkouts Full call number Barcode Date last seen Copy number Price effective from Koha item type
    Dewey Decimal Classification     GRACE BIBLE COLLEGE GRACE BIBLE COLLEGE Bible 2016-05-16 700.00   220.520814 NIV 013076 2025-05-01 c.1 2016-05-16 Reference Books
© Grace Bible College Library 2025